| 000 | 00638nam a2200217 4500 | ||
|---|---|---|---|
| 003 | OSt | ||
| 005 | 20240726052012.0 | ||
| 006 | a | ||
| 008 | 240726b |||||||| |||| 00| 0 eng d | ||
| 020 | _a9780071288651 | ||
| 040 |
_aDWCL-Main lib. _cOC |
||
| 082 | _aCirc. 658.8 M368m 2010 | ||
| 100 | _aMarshall, Greg W. | ||
| 245 | _aMarketing management / | ||
| 260 |
_a Boston : _bMcGraw-Hill, _cc2010. |
||
| 300 |
_axxvi, _b( various paging) : ill. (some col.) ; _c28 cm. |
||
| 504 | _aIncludes bibliographical references & index. | ||
| 650 | _a1. Marketing. | ||
| 650 | _a2. Marketing-Management. | ||
| 942 |
_2ddc _n0 _cBK-CIRC _kCirc. |
||
| 999 |
_c2797 _d2797 |
||